| 000 | 00553nam a2200121Ia 4500 | ||
|---|---|---|---|
| 008 | 171212s9999 xx 000 0 und d | ||
| 020 | _a9780833058980 | ||
| 100 | _aSchank, John F.;Ip, Cesse Cameron;Kamarck, Kristy N.;Murphy, Robert E.;Arena, Mark V. | ||
| 245 |
_cSchank, John F.;Ip, Cesse Cameron;Kamarck, Kristy N.;Murphy, Robert E.;Arena, Mark V. _aLearning from Experience _bVolume IV: Lessons from Australia's Collins Submarine Program |
||
| 260 |
_bRAND Corporation _c2011 |
||
| 650 | _aHistory | ||
| 856 | _uwww.jstor.org/stable/10.7249/j.ctt3fh0pr | ||
| 999 |
_c352263 _d352263 |
||